The communist party of China and contemporary China / (Record no. 22516)
[ view plain ]
| 000 -LEADER | |
|---|---|
| fixed length control field | 01000cam a22003015a 4500 |
| 001 - CONTROL NUMBER | |
| control field | 017752379 |
| 003 - CONTROL NUMBER IDENTIFIER | |
| control field | OSt |
| 005 - DATE AND TIME OF LATEST TRANSACTION | |
| control field | 20161011153523.0 |
| 008 - FIXED-LENGTH DATA ELEMENTS--GENERAL INFORMATION | |
| fixed length control field | 150318s2014 cc a fr 000 0 eng d |
| 020 ## - INTERNATIONAL STANDARD BOOK NUMBER | |
| International Standard Book Number | 9787508527888 |
| 020 ## - INTERNATIONAL STANDARD BOOK NUMBER | |
| International Standard Book Number | 7508527887 |
| 040 ## - CATALOGING SOURCE | |
| Original cataloging agency | AU@ |
| Language of cataloging | eng |
| Transcribing agency | AU@ |
| Modifying agency | OCLCO |
| -- | OCLCF |
| -- | Uk |
| -- | EG-ScBUE |
| 041 1# - LANGUAGE CODE | |
| Language code of text/sound track or separate title | eng |
| Language code of original and/or intermediate translations of text | chi |
| 043 ## - GEOGRAPHIC AREA CODE | |
| Geographic area code | a-cc--- |
| 082 04 - DEWEY DECIMAL CLASSIFICATION NUMBER | |
| Classification number | 324.251075 |
| Edition number | 22 |
| Item number | DES |
| 100 1# - MAIN ENTRY--PERSONAL NAME | |
| Personal name | Deshan, Yang, |
| 9 (RLIN) | 41452 |
| 245 14 - TITLE STATEMENT | |
| Title | The communist party of China and contemporary China / |
| Statement of responsibility, etc | By Yang Deshan & Zhao Shumei. |
| 260 ## - PUBLICATION, DISTRIBUTION, ETC. (IMPRINT) | |
| Place of publication, distribution, etc | [Beijing] : |
| Name of publisher, distributor, etc | China Intercontinental Press, |
| Date of publication, distribution, etc | [2014] |
| 300 ## - PHYSICAL DESCRIPTION | |
| Extent | 210 p. : |
| Other physical details | ill. ; |
| Dimensions | 23 cm. |
| 490 0# - Series Statement | |
| Series statement | Contemporary China. |
| 546 ## - LANGUAGE NOTE | |
| Language note | Text in English ; translated from original Chinese. |
| 650 #7 - SUBJECT ADDED ENTRY--TOPICAL TERM | |
| Topical term or geographic name as entry element | Political parties |
| Geographic subdivision | China. |
| Source of heading or term | BUEsh |
| 9 (RLIN) | 41453 |
| 651 #7 - SUBJECT ADDED ENTRY--GEOGRAPHIC NAME | |
| Geographic name | China |
| General subdivision | Politics and government |
| Chronological subdivision | 2002- |
| Source of heading or term | BUEsh |
| 9 (RLIN) | 32744 |
| 651 #7 - SUBJECT ADDED ENTRY--GEOGRAPHIC NAME | |
| Geographic name | China |
| General subdivision | History |
| Chronological subdivision | 2002- |
| Source of heading or term | BUEsh |
| 9 (RLIN) | 41455 |
| 653 ## - INDEX TERM--UNCONTROLLED | |
| Resource For college | BAEPS, Political Science |
| Arrived date list | October2016 |
| 700 1# - ADDED ENTRY--PERSONAL NAME | |
| Personal name | Zhao, Shumei |
| Titles and other words associated with a name | (Historian), |
| 942 ## - ADDED ENTRY ELEMENTS (KOHA) | |
| Source of classification or shelving scheme | Dewey Decimal Classification |
| Withdrawn status | Item status | Source of classification or shelving scheme | Damaged status | Not for loan | Vendor | Home library | Current library | Shelving location | Date acquired | Source of acquisition | Cost, normal purchase price | Total Checkouts | Total Renewals | Full call number | Barcode | Date last seen | Date last borrowed | Cost, replacement price | Koha item type |
|---|---|---|---|---|---|---|---|---|---|---|---|---|---|---|---|---|---|---|---|
| Dewey Decimal Classification | بيت الحكمة المصري | Central Library | Central Library | First floor | 11/10/2016 | Purchase | 80.00 | 1 | 5 | 324.251075 DES | 000034020 | 15/07/2025 | 13/02/2017 | 100.00 | Book - Borrowing |